5HLuxD.jpg

KING HENRY VIII SENIOR AND PRIMARY SCHOOL LIBRARY OPAC

100 things to know about saving the planet / (Record no. 3640)

000 -LEADER
fixed length control field 02733cam a2200553 i 4500
001 - CONTROL NUMBER
control field 21471151
003 - CONTROL NUMBER IDENTIFIER
control field OSt
005 - DATE AND TIME OF LATEST TRANSACTION
control field 20240319105918.0
008 - FIXED-LENGTH DATA ELEMENTS--GENERAL INFORMATION
fixed length control field 200316s2020 enkab j 001 0 eng d
010 ## - LIBRARY OF CONGRESS CONTROL NUMBER
LC control number 2020935216
020 ## - INTERNATIONAL STANDARD BOOK NUMBER
International Standard Book Number 9781474981835
Qualifying information (hardcover)
035 ## - SYSTEM CONTROL NUMBER
System control number (OCoLC)on1162762152
040 ## - CATALOGING SOURCE
Original cataloging agency TOH
Language of cataloging eng
Transcribing agency TOH
Modifying agency TOH
-- NZHWP
-- OCLCO
-- OCLCF
Description conventions rda
Modifying agency ATCDL
-- GIP
-- OQX
-- DLC
-- KH8
042 ## - AUTHENTICATION CODE
Authentication code lccopycat
082 04 - DEWEY DECIMAL CLASSIFICATION NUMBER
Classification number 363.7 HAL
Edition number 23
100 1# - MAIN ENTRY--PERSONAL NAME
Personal name Hall, Rose,
Relator term author.
245 10 - TITLE STATEMENT
Title 100 things to know about saving the planet /
Statement of responsibility, etc. written by Rose Hall, Jerome Martin, Alice James, Darran Stobbart, Alex Frith, Tom Mumbray, Eddie Reynolds, Lan Cook and Matthew Oldham ; illustrated by Parko Polo, Dominique Byron, Dale Edwin Murray, Federico Mariani, Jake Williams and Ollie Hoff.
246 3# - VARYING FORM OF TITLE
Title proper/short title One hundred things to know about saving the planet
246 3# - VARYING FORM OF TITLE
Title proper/short title Saving the planet
264 #1 - PRODUCTION, PUBLICATION, DISTRIBUTION, MANUFACTURE, AND COPYRIGHT NOTICE
Place of production, publication, distribution, manufacture London, England :
Name of producer, publisher, distributor, manufacturer Usborne Publishing,
Date of production, publication, distribution, manufacture, or copyright notice 2020.
300 ## - PHYSICAL DESCRIPTION
Extent 128 pages :
Other physical details color illustrations, color map ;
Dimensions 25 cm.
336 ## - CONTENT TYPE
Content type term text
Content type code txt
Source rdacontent
336 ## - CONTENT TYPE
Content type term still image
Content type code sti
Source rdacontent
337 ## - MEDIA TYPE
Media type term unmediated
Media type code n
Source rdamedia
338 ## - CARRIER TYPE
Carrier type term volume
Carrier type code nc
Source rdacarrier
500 ## - GENERAL NOTE
General note Includes index.
520 ## - SUMMARY, ETC.
Summary, etc. How could plastic-eating bacteria help reduce waste? Can a river be given human rights? Could we generate all the power we need from the sun and the wind? How do woolly sweaters help penguins in peril? Would building a giant sunshade in space stop the world from overheating? Find the answers to these questions and more in this bold, graphic and exciting book, full of big, small and unexpected ways to save the planet.
650 #0 - SUBJECT ADDED ENTRY--TOPICAL TERM
Topical term or geographic name entry element Environmental protection
Form subdivision Juvenile literature.
650 #0 - SUBJECT ADDED ENTRY--TOPICAL TERM
Topical term or geographic name entry element Environmental responsibility
Form subdivision Juvenile literature.
650 #0 - SUBJECT ADDED ENTRY--TOPICAL TERM
Topical term or geographic name entry element Environmental protection
General subdivision Miscellanea
Form subdivision Juvenile literature.
650 #7 - SUBJECT ADDED ENTRY--TOPICAL TERM
Topical term or geographic name entry element Environmental protection.
Source of heading or term fast
Authority record control number or standard number (OCoLC)fst00913324
650 #7 - SUBJECT ADDED ENTRY--TOPICAL TERM
Topical term or geographic name entry element Environmental responsibility.
Source of heading or term fast
Authority record control number or standard number (OCoLC)fst00913443
655 #7 - INDEX TERM--GENRE/FORM
Genre/form data or focus term Juvenile works.
Source of term fast
Authority record control number or standard number (OCoLC)fst01411637
700 1# - ADDED ENTRY--PERSONAL NAME
Personal name Martin, Jerome
Titles and other words associated with a name (Writer of children's books),
Relator term author.
700 1# - ADDED ENTRY--PERSONAL NAME
Personal name James, Alice
Titles and other words associated with a name (Editor),
Relator term author.
700 1# - ADDED ENTRY--PERSONAL NAME
Personal name Stobbart, Darran,
Relator term author.
700 1# - ADDED ENTRY--PERSONAL NAME
Personal name Frith, Alex
Titles and other words associated with a name (Children's author),
Relator term author.
700 1# - ADDED ENTRY--PERSONAL NAME
Personal name Mumbray, Tom,
Relator term author.
700 1# - ADDED ENTRY--PERSONAL NAME
Personal name Reynolds, Eddie,
Relator term author.
700 1# - ADDED ENTRY--PERSONAL NAME
Personal name Cook, Lan,
Relator term author.
700 1# - ADDED ENTRY--PERSONAL NAME
Personal name Oldham, Matthew,
Relator term author.
700 1# - ADDED ENTRY--PERSONAL NAME
Personal name Polo, Parko,
Relator term illustrator.
700 1# - ADDED ENTRY--PERSONAL NAME
Personal name Byron, Dominique,
Relator term illustrator.
700 1# - ADDED ENTRY--PERSONAL NAME
Personal name Murray, Dale Edwin,
Relator term illustrator.
700 1# - ADDED ENTRY--PERSONAL NAME
Personal name Mariani, Federico,
Dates associated with a name 1974-
Relator term illustrator.
700 1# - ADDED ENTRY--PERSONAL NAME
Personal name Williams, Jake,
Relator term illustrator.
700 1# - ADDED ENTRY--PERSONAL NAME
Personal name Hoff, Ollie,
Relator term illustrator.
942 ## - ADDED ENTRY ELEMENTS (KOHA)
Source of classification or shelving scheme
Koha item type Books - Non Ficton
Holdings
Withdrawn status Lost status Source of classification or shelving scheme Damaged status Not for loan Collection code Permanent Location Current Location Shelving location Date acquired Total Checkouts Total Renewals Full call number Barcode Date last seen Date last checked out Price effective from Koha item type
          Non-Fiction KH8 Primary School Library KH8 Primary School Library Non Fiction 2024-03-19 13 1 363.7 HAL KHPL000004511 2026-03-09 2026-02-23 2024-03-19 Books - Non Ficton

Powered By KH8 IT Dept